Na startu hospodářského růstu

Súčasná fáza hospodárskeho vývoja českej ekonomiky - doznievanie neštandardnej depresie a dielčie náznaky oživenia hospodárskej aktivity. Potreba zladenia vývoja v reálnej ekonomike s vývojom finančnej sféry. Potenciálne ohrozenie makroekonomickej stability. Mzdová regulácia - áno alebo nie? Interse...

Descripción completa

Guardado en:
Detalles Bibliográficos
Autor principal: Klacek, J.
Formato: Capítulo de libro
Lenguaje:checo
Materias:
Etiquetas: Agregar Etiqueta
Sin Etiquetas, Sea el primero en etiquetar este registro!

MARC

LEADER 00000naa a2200000 4500
001 r015622
005 20221205090001.9
041 0 |a cze 
044 |a CZ 
245 1 0 |a Na startu hospodářského růstu  |c J. Klacek 
520 |a Súčasná fáza hospodárskeho vývoja českej ekonomiky - doznievanie neštandardnej depresie a dielčie náznaky oživenia hospodárskej aktivity. Potreba zladenia vývoja v reálnej ekonomike s vývojom finančnej sféry. Potenciálne ohrozenie makroekonomickej stability. Mzdová regulácia - áno alebo nie? Intersektorálne presuny zamestnanosti. Štart ekonomického rastu vedeného investíciami. 
610 2 0 |a vývoj hospodársky 
610 2 0 |a depresia 
610 2 0 |a oživenie 
610 2 0 |a mzdy 
610 2 0 |a zamestnanosť 
610 2 0 |a financie 
610 2 0 |a investície 
610 2 0 |a Česko 
100 1 |a Klacek, J.